Statistics for harry potter last names

Click here to take the quiz!

General Stats

  • This quiz has been taken 89 times
    (52 since last reset)
  • The average score is 18 of 21

Answer Stats

HintAnswer% Correct
grangerhermione
98%
longbottomneville
98%
changcho
96%
malfoydraco
96%
malfoyLucius
96%
snapeSeverus
96%
riddletom
96%
umbridgeDolores
91%
malfoyNarcissa
91%
oldest weasleybill
89%
thomasdean
89%
jordanlee
87%
finniganseamus
87%
creeveycollin
84%
hagridRubeus
84%
greybackFenrir
82%
clearwaterpenelope
80%
mr. lovegoodXenophilius
80%
bagmanludo
73%
creeveydennis
71%
malfoyScorpius
69%

Score Distribution

Percentile by Number Answered

Percent of People with Each Score

Your Score History

You have not taken this quiz since the last reset